| 000 | 00481nam a2200193Ia 4500 | ||
|---|---|---|---|
| 003 | GCL | ||
| 008 | 140319s9999 xx 000 0 eng d | ||
| 020 | _a2871272603 | ||
| 040 |
_aGCL / _cGCL |
||
| 082 | 0 | 4 |
_a912 _bS A |
| 100 | 1 | _aSERET, G. | |
| 245 | 1 | 0 |
_aATLAS GEOGRAPHIQUE / _cSERET, G. |
| 700 | 1 | _aSWYSEN, L. | |
| 260 |
_aبلجيكا : _bERNEST BENN LIMITED ، _c1991 |
||
| 300 |
_a33 CM ؛ _c120 P |
||
| 650 | 0 | 4 | _aATLASES |
| 650 | 0 | 4 | _aATLASES, HISTORY |
| 942 |
_2ddc _cBK |
||
| 999 |
_c4749 _d4749 |
||